000 00598nam a2200157 i 4500
001 49267
003 ES-MaACL
005 20230906161921.0
007 t|
008 030711m18961922sp ||||1| spa d
245 0 0 _aCortes de los antiguos Reinos de Aragón y de Valencia y del Principado de Cataluña /
_cpublicadas por la Real Academia de la Historia... desde 1064 a 1479.
260 _aMadrid :
_b[s.n.],
_c1896-1922 (
_fImp. de la Vda. de Tello)
300 _a27 v. ;
_c33 cm.
710 2 _aReal Academia de la Historia (España)
_96309
852 _x
_x
_aBA
_jR-2458-84 Olim: B-9417-45
999 _c49267
_d49267